000 00361 a2200145 4500
001 164466
020 _a
040 _cMagnum
100 _aMelchior, Jose Carlos de Araujo
240 1 0 _aMudancas no financiamento da educacao no brasil
_lpor
245 1 0 _aMudancas no financiamento da educacao no brasil
362 0 _a1899
697 _aENSINO
942 _cBK
999 _c164466
_d164466